|
|
|
|
| LEADER |
00000nam0a2200000 4500 |
| 001 |
316011 |
| 005 |
20231102002831.0 |
| 010 |
|
|
|a 9785922115414
|
| 035 |
|
|
|a (RuTPU)RU\TPU\book\341448
|
| 090 |
|
|
|a 316011
|
| 100 |
|
|
|a 20160314d2014 k y0rusy50 ca
|
| 101 |
0 |
|
|a rus
|
| 102 |
|
|
|a RU
|
| 105 |
|
|
|a a z 001zy
|
| 200 |
1 |
|
|a Роль поверхностных явлений в структурно-механическом поведении твердых полимеров
|f А. Л. Волынский, Н. Ф. Бакеев
|
| 210 |
|
|
|a Москва
|c Физматлит
|d 2014
|
| 215 |
|
|
|a 533 с.
|c ил.
|
| 320 |
|
|
|a Библиография в конце глав.
|
| 330 |
|
|
|a В книге изложены современные представления о роли поверхностных явлений в структурно-механическом поведении аморфных и кристаллических полимеров. Рассмотрены процессы развития и залечивания межфазной поверхности при разного рода воздействиях. Показано, что любые воздействия приводят к ее изменению и сопровождаются транспортом материала из объема в поверхность и/или наоборот. Установлено, что такие свойства полимеров, как сдвиговая текучесть, деформационное размягчение и большая обратимая деформация, во многом зависят от уровня межфазной поверхностной энергии. Рассмотрен эффект Ребиндера в полимерах и разного рода модификации поверхности. Заключительный раздел посвящен прикладным аспектам использования поверхностных явлений в различных полимерных системах.Для научных сотрудников и инженеров-технологов, занимающихся исследованием, разработкой и применением полимерных материалов, в том числе нанокомпозитов, а также для преподавателей, аспирантов и студентов соответствующих специальностей.
|
| 606 |
1 |
|
|a Полимеры
|x Поверхностные явления
|2 stltpush
|3 (RuTPU)RU\TPU\subj\50258
|9 68976
|
| 610 |
1 |
|
|a твердые полимеры
|
| 610 |
1 |
|
|a деформирование
|
| 610 |
1 |
|
|a межфазные поверхности
|
| 610 |
1 |
|
|a залечивание
|
| 610 |
1 |
|
|a стеклообразные полимеры
|
| 610 |
1 |
|
|a тонкие пленки
|
| 610 |
1 |
|
|a поверхностные слои
|
| 610 |
1 |
|
|a структура
|
| 610 |
1 |
|
|a свойства
|
| 610 |
1 |
|
|a текучесть
|
| 610 |
1 |
|
|a кристаллические полимеры
|
| 610 |
1 |
|
|a поверхностные явления
|
| 610 |
1 |
|
|a деформационное размягчение
|
| 610 |
1 |
|
|a активные жидкие среды
|
| 610 |
1 |
|
|a крейзованные полимеры
|
| 610 |
1 |
|
|a полимерные поверхности
|
| 610 |
1 |
|
|a неустойчивость
|
| 610 |
1 |
|
|a самоорганизация
|
| 610 |
1 |
|
|a нанометровые поверхностные слои
|
| 610 |
1 |
|
|a использование
|
| 675 |
|
|
|a 678.01:53
|v 3
|
| 700 |
|
1 |
|a Волынский
|b А. Л.
|g Александр Львович
|
| 701 |
|
1 |
|a Бакеев
|b Н. Ф.
|g Николай Федорович
|
| 801 |
|
1 |
|a RU
|b 63413507
|c 20160314
|
| 801 |
|
2 |
|a RU
|b 63413507
|c 20160318
|g RCR
|
| 900 |
|
|
|a Наноструктурные материалы
|
| 900 |
|
|
|a Полимерные композиционные материалы
|
| 900 |
|
|
|a Химия и физика полимеров
|
| 942 |
|
|
|c BK
|